000 00287nam a22001337a 4500
008 170203b xxu||||| |||| 00| 0 eng d
020 _a99992702338
041 _aeng
080 _a61
100 _a3
101 _aSHM
245 _aMJEKESIA E PUNES
_cSKENDER SKENDERAJ
942 _2udc
_cBK
999 _c4533
_d4533